Divácke aspekty opernej kultúry na Slovensku v rokoch 1989 až 2003

Zmeny v spotrebiteľskom správaní slovenských divákov po roku 1989. Špecifiká slovenského operného diváka. Návštevnosť operných scén na Slovensku v rokoch 1989 až 2003.

Gespeichert in:
Bibliographische Detailangaben
1. Verfasser: Tajtáková, Mária
Format: Buchkapitel
Sprache:Slowakisch
Schlagworte:
Tags: Tag hinzufügen
Keine Tags, Fügen Sie das erste Tag hinzu!

MARC

LEADER 00000naa$a2200000$$$4500
001 0032381
005 20240502071440.4
041 0 |a slo 
044 |a SK 
245 1 0 |a Divácke aspekty opernej kultúry na Slovensku v rokoch 1989 až 2003  |c Mária Tajtáková 
520 |a Zmeny v spotrebiteľskom správaní slovenských divákov po roku 1989. Špecifiká slovenského operného diváka. Návštevnosť operných scén na Slovensku v rokoch 1989 až 2003. 
610 2 0 |a kultúra 
610 2 0 |a spotrebitelia 
610 2 0 |a umenie 
610 2 0 |a Slovensko 
610 2 0 |a správanie spotrebiteľa 
610 2 0 |a výdavky na potreby kultúrne 
100 1 |a Tajtáková, Mária